THE GLASS PALACE (Record no. 3226)
[ view plain ]
| 000 -LEADER | |
|---|---|
| fixed length control field | 00532nam a22001457a 4500 |
| 020 ## - INTERNATIONAL STANDARD BOOK NUMBER | |
| ISBN | 978-81-7223-419-5 |
| 082 ## - DEWEY DECIMAL CLASSIFICATION NUMBER | |
| Classification number | 823 |
| Item number | GHO/G |
| 100 ## - MAIN ENTRY--AUTHOR NAME | |
| Personal name | GHOSH, AMITAV |
| 245 ## - TITLE STATEMENT | |
| Title | THE GLASS PALACE |
| 260 ## - PUBLICATION, DISTRIBUTION, ETC. (IMPRINT) | |
| Place of publication | NOIDA |
| Name of publisher | HARPER COLLINS INDIA |
| Year of publication | 2008 |
| 300 ## - PHYSICAL DESCRIPTION | |
| Number of Pages | 550 |
| 520 ## - SUMMARY, ETC. | |
| Summary, etc | Set in Burma during the British invasion of 1885, this masterly novel tells the story of Rajkumar, a poor boy lifted on the tides of political and social chaos, who goes on to create an empire in the Burmese teak forest. |
| 650 ## - SUBJECT ADDED ENTRY--TOPICAL TERM | |
| Topical Term | NOVEL |
| Geographic subdivision | INDIA |
| 942 ## - ADDED ENTRY ELEMENTS (KOHA) | |
| Koha item type | Books |
| Withdrawn status | Lost status | Collection code | Home library | Current library | Shelving location | Date acquired | Source of acquisition | Cost, normal purchase price | Full call number | Accession Number | Koha item type |
|---|---|---|---|---|---|---|---|---|---|---|---|
| Fiction | Main Library | Main Library | SHELF-14E- ALPHABETICAL -E,F,G --ENGLISH NOVELS & FICTIONS | 19/06/2010 | purchase | 295.00 | 823 GHO/G | 05445 | Books |